02068nam a22002537a 450000500170000000800410001702000200005804000070007804100080008508200220009310000220011524500260013726000410016330000300020436500240023452013040025865000310156265000240159365000350161770000240165294200120167699900190168895201070170720220211091349.0220203b ||||| |||| 00| 0 eng d a 978-8184304206 cAL aeng 223a954.051bADVP aL K Advani919086 aPrisoner's Scrap Book aNew DelhibOcean Books Pvt Ltdc2002 aviii,271p.bHBc24x19 cm. b400.00c₹d400.00 aA prisoner scrap-book is a fascinating account of the unfolding of events of the emergency (1975-77) as seen from a prison house. Written in a simple and straightforward style embellished with anecdotes, this is not just one more prison diary. Nor does it attempt to theorize. In words that speak from the heart, the authority the President of a major Indian political party and how the country. Home minister—has recorded his thoughts and the events that took place on a day-to-day basis during his nineteen-month sojourn in the country fails. In his foreword to the book, former prime minister Shri Morarji Desai writes, “The Diary reveals a person of singular honesty and dedication, culture and equanimity. It depicts the burning faith with which he withstood the consequences of governmental trickery and his passion, as an editor for the freedom of the press and the mass-media.” The book also includes a collection of pro-democracy literature written by the author under a pseudonym and circulated in the underground conduits. The authors uncompromising commitment to democratic norms and values is reflected here, as well as his abiding faith in an open society and the Unfettered right of the people to pursue its ideals. A book which deserves to be read by all who value such ideals. aPolitical Prisoners916290 aPolitiicians916291 aPolitics and Government916292 aADVANI (L K)916293 2ddccGF c221411d221411 00102ddc40708PSaALbALd2013-03-24l0o954.051 ADVPpGF02192r2022-02-03 00:00:00w2022-02-03yGF